000 00660nam a2200229 a 4500
001 BRCA_3757
005 20190320204419.0
008 090428s2008 mx-a---##b---#000-0#spa-#
020 _a9786077612117
041 _aspa
044 _amx
050 4 _aSF284.42
_b.C43 2008
100 1 _aChávez, Octavio
_94350
245 1 0 _aCharrería
_barte y tradición
_cOctavio Chávez.
260 _aMéxico
_bFomento Cultural Banamex
_c2008
300 _a252 p.
_bil. (algunas a color)
_c32 cm.
500 _aIncluye glosario
504 _aBibliografía: p. [251]-252
650 1 4 _aCharros
_94351
651 4 _aMéxico
_xVida social y costumbres
_9769
942 _2lcc
_cB
999 _c3486
_d3486